000 00534nam a22001697a 4500
005 20241209155711.0
008 241209b |||||||| |||| 00| 0 eng d
020 _a9780716732211
050 _aQH308.2 GLA
100 _aGlase, Jon C.
245 _aStudy Guide to Accompany Life/
_bthe science and biology
_cJon C. Glase & Jerry A. Waldvogel
250 _a5th ed.
260 _aSunderland, Massachusetts
_bSinauer Associates, Inc.
_c1998
300 _a440p.
_bill.
_c28cm
700 _aWaldvogel, Jerry A.
942 _2lcc
_cBK
_e5th ed.
_n0
999 _c2011
_d2011